000 00476cam a22001577a 4500
008 180718b1995 xxu||||| |||| 00| 0 eng d
020 _a8125003169
082 _aT19x54 V191
100 _aVaidyanathan, A.
245 _aThe Indian economy: crisis, response and prospects
_cby A. Vaidyanathan
260 _aHyderabad
_bOrient Longman
_c1995
300 _a155p.
440 _aTracts for the times
650 _aEconomic development - India
650 _aIndia - Economic policy
999 _c376655
_d376655